Statistics for A Quiz about the Baháʼí Faith

Click here to take the quiz!

General Stats

  • This quiz has been taken 9 times
  • The average score is 8 of 14

Answer Stats

HintAnswer% Correct
Baháʼís believe that Jesus, Muhammad, and Buddha are all manifestations of this figureGod
100%
This city in Israel is the home of the Baháʼí World Centre and a destination for Baháʼí pilgrimageHaifa
100%
The Baháʼí Faith grew out of this modern-day country where its followers are now persecutedIran
88%
One of the central figures in the religion, he is considered to be a predecessor who paved the way for the Baháʼí FaithBáb
75%
Founder of the Baháʼí Faith and one of the three central figuresBaháʼu'lláh
75%
Eldest son of the founder of the Baháʼí Faith and the last of the three central figures of the religionʻAbdu'l-Bahá
63%
The only Baháʼí House of Worship in the United States is located in this stateIllinois
63%
Baháʼí House of Worship located in Delhi, India that is noted for its flowerlike shapeLotus Temple
63%
Great-grandson of the Baháʼí Faith founder, he was the first and last acknowledged Guardian of the Baháʼí FaithShoghi Effendi
63%
This twelve-day festival is the holiest in the Baháʼí FaithRidván
38%
The nine-member supreme ruling body of the Baháʼí FaithUniversal House of Justice
38%
This American jazz trumpeter converted to the Baháʼí Faith shortly after the death of his friend Charlie ParkerDizzy Gillespie
13%
The central book of the faith written by the founder in 1873Kitáb-i-Aqdas
13%
This American writer and television personality spent much of his life promoting the Baháʼí Faith and wrote the book Thief in the Night to promote itWilliam Sears
13%

Score Distribution

Percentile by Number Answered

Percent of People with Each Score

Your Score History

You have not taken this quiz